000 00299nam a2200109Ia 4500
008 171211s9999 xx 000 0 und d
245 _aNinja: The Invisible Assassins
245 _cAndrew Adams
260 _c1970
650 _xMartial Arts
856 _uhttp://down.ebook777.com/064/9780897500302.pdf
999 _c348176
_d348176